00785 a2200205 4500001000700000020001800007020001100025041000800036082001000044100001900054246002800073520025200101521001100353856002400364040002500388245008300413260002700496300002100523700003500544118118 a9788532280633 q(enc.) apor a028.5 aBattut, Éric aVeux-tu être mon ami? aO ratinho verde parte em busca de um amigo. Em sua jornada, ele encontra muitos bichos, como os ratos cinzentos, depois o gafanhoto, à rã, ao camaleão... mas será que eles querem ser seus amigos? Há barreiras para uma verdadeira amizade? aYear 1 u00002e/00002ec1.jpg aBR-BrIDEAcBR-BrIDEA10aVocê quer ser meu amigo?cÉric Battut; tradução de Lígia Cademartori aSão PaulobFTDc2012 a32 p.bil. color aCademartori, LígiaeTradutor